000 01070 a2200193 4500
001 54227
005 20260407155813.0
008 260407a1972 arg spa d
003 AR-UNSa-BCEJYS
040 _aAR-UNSa-BCEJYS
_bspa
_cAR-UNSa-BCEJYS
080 _a336.741.2
_xNaturaleza de la moneda. Teoría general del dinero
245 1 0 _aEl dinero
264 1 _aBarcelona :
_bEdiciones Ariel
_c1972
300 _a436 p.
_c19 cm.
505 _aPrimera parte: Formas del dinero - 1. Monedas - 2. Billetes y depósitos bancarios - 3. Cambios exteriores - 4. Erosión del patrón oro(Modelo antiguo) - Segunda parte: Teoría monetaria - 5. Introducción - 6. Teoría cuantitativa - 7. La revolución keynesiana - 8. Teoría de crecimiento - 9. Teoría del equilibrio exterior - Tercera parte: Instituciones y políticas actuales - 10. Política interior de los Estados Unidos y del Reino Unido,después de la Segunda Guerra Mundial - 11. Instituciones internacionales - 12. Eurodólares
942 _cBK
590 _aniveau_biblio:m niveau_hierar:0
100 1 _aHarrod, Roy
999 _c5398
_d5398